000 00503nam a2200181Ia 4500
001 16334
005 20260306170302.0
008 260306t2023||||xx |||||||||||||| ||und||
041 _aESP
082 _a348.3
_bM26
100 _aMarchese Cánepa, Carlos,
_eAUT
245 0 _aAportes para el derecho de minería en el Perú :
_blibro homenaje al maestro Carlos Marchese Cánepa
260 _c2023
300 _a455 páginas :
_c25 cm.
650 _aGEN
654 _aCDE
942 _cLIB
_dJUS
_fJUS
_2ddc
_n
999 _c16334
_d16334